000
00338nam a2200145Ia 4500
003
OSt
005
20240306094844.0
008
170523s9999 xx 000 0 und d
020
_a
978-9352993642
040
_c
iimtu meerut
100
_a
MITHANI- DM
245
0
_a
INTERNATIONAL ECONOMICS
260
_b
HIMALAYA PUBLICATION
942
_2
ddc
_c
02
999
_c
957
_d
957